Normal view
MARC view
- COMMEDIA TEATRO
Entry Topical Term
001 - CONTROL NUMBER
- control field: 38481
003 - CONTROL NUMBER IDENTIFIER
- control field: IT-RoPau
005 - DATE AND TIME OF LATEST TRANSACTION
- control field: 20151125221039.0
008 - FIXED-LENGTH DATA ELEMENTS
- fixed length control field: 151125|| aca||aabn | a|a d
040 ## - CATALOGING SOURCE
- Original cataloging agency: IT-RoPau
- Transcribing agency: IT-RoPau
150 ## - HEADING--TOPICAL TERM
- Topical term or geographic name entry element: COMMEDIA TEATRO
- : TV-TEATRO/DANZA [VHS]
- General subdivision: Codice MATERIA SPICS: 9961
670 ## - SOURCE DATA FOUND
- Source citation: Work cat.: (IT-RoPau)104929: Fo Dario Codice regista SPICS: 6571 38479, MISTERO BUFFO MISTERO BUFFO (Rif. Codice opera principale : 99889)